00775nam a22002057a 450000500170000001000150001702000270003203500140005903700130007308200110008610000230009724501000012026000310022027000770025130000260032850000460035494200250040099900190042595201250044420161124154013.0 aENG-116638 a9780415597425c1895.00 aEN-100170 bDBAD/PUB a327.54 aRay, Jayanta Kumar aIndia's foreign relations, 1947-2007 :bvarious issues and case studies /cby Sangeeta Dodrajka aNew DelhibRoutledgec2011 a912 Tolstoy House,15-17 Tolstoy House,Connaught PlacebNew Delhie110001 axiii,813p. c22cm(Hb) aIncludes bibliographical references index 2ddccENh327.54mRAY c104751d104751 001040718NFICaDBADbBNd2016-11-24eDBAD/PUBg1895.00l0o327.54 RAYpEN-100170r2016-11-24 00:00:00t1v1895.00yEN